000 01022cam a22003133a 4500
001 2474
005 20231211115248.0
020 _a0439401399 :
_c$4.50
020 _a9780545392327
040 _aBKL
_cBKL
_dDLC
_beng
050 0 0 _aPZ7.G6578
082 _a813.54
100 1 _aKorman, Gordon
245 1 4 _aThe contest /
_cEverest : Book one ; Gordon Korman
250 _aThis edition first printing, March 2012
260 _aNew York :
_bScholastic,
_c2002
300 _a137 pages :
_c20 cm
490 0 _aEverest
_v1
500 _a"An Apple paperback."
505 _aP
520 _aDominic, Chris, Perry, Tilt, Sammi, Bryn, and Cameron compete with each other to be selected as part of a team of teenage climbers with the goal of ascending Mount Everest.
521 _a750
_bLexile
521 _aP
_bRaz-Plus
650 0 _aMountaineers
_vFiction.
655 7 _aChildren's stories.
_2lcsh
655 7 _aAdventure fiction.
_2gsafd
906 _a7
_bcbc
_ccopycat
_d2
_encip
_f20
_gy-genrareb
942 _2ddc
_cBK
_n0
999 _c2474
_d2474